000 01009nam a22003257a 4500
001 BR8304190
003 BR-BrBNA
005 20230928091715.0
007 ta
008 230509b bl.||||| |||| 00| 0 por d
040 _aBR-BrBNA
_bpor
_cBiblioteca Nacional de Agricultura
041 _a(Por)
072 _aE70
_b0600
_b0100
_b1300
_b/G514
090 _ 0600 BR8304190
110 1 _aInstituto Brasileiro de Economia, Rio de Janeiro, RJ (Brasil). Centro de Estudos Agricolas
_95761
245 1 _aBalanco e disponibilidade interna de generos alimenticios de origem vegetal 1975 a 1980 [fruta, cereal, legume, consumo, Brasil]
260 3 _aRio de Janeiro, RJ (Brasil):
_c1983.
300 _a72 p.
500 _a28 tables
650 _aFRUTA
650 _aCEREAL
650 _aLEGUME
650 _aESTATISTICA DE PRODUCAO
650 _aIMPORTACAO
650 _aEXPORTACAO
650 _aCONSUMO INTERNO
650 _aANALISE ESTATISTICA
909 _a202309
_bLucia
_c55
_dLucia Elande
942 _cBK
999 _c35114
_d35114